000 00846nam a2200253Ia 4500
003 OSt
005 20220923224120.0
006 a|||||r|||| 00| 0
007 ta
008 220922b |||||||| |||| 00| 0 hin d
024 _a225,815
037 _cTextual
040 _aARTS
_cARTS
_bhin
041 _2hin
_ahin
082 _aO152,3N251x, P4
100 _aमोहन राकेश
245 0 _aमोहन राकेश की संपूर्ण कहानियां
246 _aMohan rākesh kī sanpūrṇa kahāniyāan
260 _aदिल्ली
_b राजपाल एण्ड संस
_c2004
300 _a478पृ.
_ccm.
650 _aहिन्दी साहित्य
_9156264
942 _hO152,3N251x, P4
_cTEXL
_2CC
999 _c369347
_d369347